000 00955nam a2200241Ia 4500
003 OSt
005 20220923212119.0
006 a|||||r|||| 00| 0
007 ta
008 220922b |||||||| |||| 00| 0 hin d
024 _a150,771
037 _cTextual
040 _aARTS
_cARTS
_bhin
041 _2hin
_ahin
082 _aLA16:4:6, 152J0.2-.3
100 _aशुक्ल, जगन्नाथप्रसाद
_9162132
245 0 _aऊर्ध्वाग चिकित्सा भ 2 कर्णरोेग विज्ञान तथा भ 3 नासारोग विज्ञान
246 _aŪrdhvāg chikitsā bha0 2 karṇaroeg vijnyān tathā bha 0 3 nāsārog vijnyāna
260 _c1950
490 _aसुघानिधि ग्रंथमाला; 1
942 _hLA16:4:6, 152J0.2-.3
_cTEXL
_2CC
999 _c306451
_d306451